L'électronique de A à Z : (Record no. 45920)

MARC details
000 -LEADER
fixed length control field 00698 a2200277 4500
003 - CONTROL NUMBER IDENTIFIER
control field 00
005 - DATE AND TIME OF LATEST TRANSACTION
control field 20171016094441.0
008 - FIXED-LENGTH DATA ELEMENTS--GENERAL INFORMATION
fixed length control field 171011b xxu||||| |||| 00| 0 eng d
020 ## - NUMERO INTERNATIONAL NORMALISE DES LIVRES
International Standard Book Number 2 10 049487 2
037 ## - SOURCE OF ACQUISITION
Source of stock number/acquisition 2, CIUF
037 ## - SOURCE OF ACQUISITION
Stock number 08/535
037 ## - SOURCE OF ACQUISITION
Stock number 08/535
040 ## - SOURCE DU CATALOGAGE
Original cataloging agency BUAC
Language of cataloging Fre.
Transcribing agency BUC
100 ## - VEDETTE PRINCIPALE - NOM DE PERSONNE
Personal name Neffati, Tahar
100 ## - VEDETTE PRINCIPALE - NOM DE PERSONNE
Language of a work Fr
245 ## - TITLE STATEMENT
Title L'électronique de A à Z :
Statement of responsibility, etc Tahar Neffati
Remainder of title 500 entrées et des exemples pour comprendre
260 ## - PUBLICATION, DISTRIBUTION, ETC. (IMPRINT)
Place of publication, distribution, etc Paris :
260 ## - PUBLICATION, DISTRIBUTION, ETC. (IMPRINT)
Name of publisher, distributor, etc Dunod,
260 ## - PUBLICATION, DISTRIBUTION, ETC. (IMPRINT)
Date of publication, distribution, etc 2006
300 ## - PHYSICAL DESCRIPTION
Extent 288 p
Other physical details couv. en coul. ;
Dimensions 24 cm
630 ## - SUBJECT ADDED ENTRY--UNIFORM TITLE
Uniform title SCIENCES APPLIQUEES
650 ## - SUBJECT ADDED ENTRY--TOPICAL TERM
Topical term or geographic name as entry element 6 -
650 ## - SUBJECT ADDED ENTRY--TOPICAL TERM
Topical term or geographic name as entry element Electronique : dictionnaire
942 ## - ADDED ENTRY ELEMENTS (KOHA)
Koha item type Libre Accès
Holdings
Withdrawn status Lost status Damaged status Not for loan Location (home branch) Sublocation or collection (holding branch) Date acquired Source of acquisition Coded location qualifier Koha issues (times borrowed) Koha full call number Piece designation (barcode) Koha date last seen Copy number Price effective from Koha item type Public note
        Bibliothèque Universitaire Centrale Bibliothèque Ecole Polytechnique d'Abomey-Calavi 18/10/2008 Don CIUF     621.381/N383e 15181EPAC 09/04/2009 1 09/04/2009 Livre Exclu du prêt
        Bibliothèque Universitaire Centrale Bibliothèque Universitaire Centrale 28/02/2009 CIUF 08/535   621 NEF 08-535Buc 28/02/2009 1 28/02/2009 Libre Accès  


© 2008, Bibliothèques de l'Université d'Abomey-Calavi

04 BP 789 Cotonou, Tél. : +229 21 36 01 01, Fax : +229 21 35 06 32

Courriel : bu@bu.uac.bj